000 00748nam a2200277Ia 4500
003 OSt
005 20221006153303.0
006 a|||||r|||| 00| 0
007 ta
008 221006b |||||||| |||| 00| 0 kor d
020 _cW 12,000
024 _a31,880
037 _bGift, Korean Embassy
_cTextual
040 _aEASL
_cEASL
_bkor
041 _2kor
_akor
082 _aW:(R), 495P4
100 _aKIM Chong Chan Au.
_9663291
245 0 _aMade in Asean
260 _aSeoul
_bSaerun Saramdeul Korea
_c2004
300 _a301p.
_ccm.
490 _v KL
650 _a KL
650 _aPolitical ideology
_9293552
942 _hW:(R), 495P4
_cTEXL
_2CC
999 _c1099966
_d1099966